A list of handbooks, periodicals and auction catalogs in the Bierman Philatelic Library (Record no. 2202)

000 -LEADER
fixed length control field 00484nam a22000977a 4500
008 - FIXED-LENGTH DATA ELEMENTS--GENERAL INFORMATION
fixed length control field 170116b xxu||||| |||| 00| 0 eng d
100 ## - MAIN ENTRY--AUTHOR'S NAME
Author's Name Bierman, Stanley
245 ## - TITLE STATEMENT
Title A list of handbooks, periodicals and auction catalogs in the Bierman Philatelic Library
260 ## - PUBLICATION, DISTRIBUTION, ETC. (IMPRINT)
Name of publisher, distributor, etc. Stanley M. Bierman
Date of publication, distribution, etc. 1985
650 ## - TOPICAL TERM (Tag)
Topical term or geographic name Library Catalogs | United States -- California | Libraries and Museums | Bibliographies | Periodicals | Auction Catalogs | Great Britain -- Bibliographies | Bierman Philatelic Library
Holdings
Withdrawn status Lost status Source of classification or shelving scheme Damaged status Koha normalized classification for sorting Not for loan Permanent Location Current Location Shelving location Date acquired Total Checkouts Full call number Barcode Date last seen Price effective from Koha item type Public note
        G3200 A11 B588 Not For Loan Northern Philatelic Library Northern Philatelic Library Reference 01/16/2017   G3200 A11 B588 1002579 04/15/2017 01/16/2017 Books 2nd revised editon

Powered by Koha